[Event "It (open)"]
[Site "masterchessopen.com Nikea (Greece)"]
[Round "6"]
[White "Nemtsas Hristoforos (GRE)"]
[Black "Kourousis Epaminondas (GRE)"]
[Result "0-1"]
[WhiteElo "1911"]
[BlackElo "2113"]

1.d4 Nf6 2.c4 e6 3.Nc3 Bb4 4.Qc2 d5 5.a3 Bxc3+ 6.bxc3 c5 7.e3 O-O 8.f3 Nbd7
9.cxd5 exd5 10.Bb2 Re8 11.Kf2 b6 12.Bd3 Bb7 13.c4 Rc8 14.Qb3 Qe7 15.Re1 Ba6
16.Nh3 cxd4 17.exd4 Bxc4 18.Rxe7 Bxb3 19.Rxe8+ Nxe8 20.Rc1 Rxc1 21.Bxc1 Nd6
22.Nf4 b5 23.Ke1 Nb6 24.Kd2 Na4 25.g3 g6 26.Ke1 Kf8 27.Bd2 Ke7 28.Bb4 a6
29.Ne2 Kd7 30.Nc3 Nb2 31.Bf1 Kc6 32.Be2 Bc4 33.Kd2 Nb7 34.Ke1 Nd8 35.Be7 Ne6
36.Bf6 Bxe2 37.Kxe2 Nc4 38.Nb1 a5 39.Kd3 b4 40.axb4 axb4 41.Be7 Kb5 42.Bf6 Ka4
43.Kc2 Nc7 44.Bd8 Nb5 45.Bf6 b3+ 46.Kc1 b2+ 47.Kc2 Nba3+ 48.Nxa3 Kxa3 {#R} 0-1

[Event "It (open)"]
[Site "masterchessopen.com Cappelle la Grande (France)"]
[Date "2006.02.20"]
[Round "3"]
[White "Golod Vitali (ISR)"]
[Black "Giffard Nicolas (FRA)"]
[Result "0-1"]
[WhiteElo "2582"]
[BlackElo "2372"]

1.d4 Nf6 2.c4 e6 3.Nc3 Bb4 4.Qc2 d5 5.a3 Bxc3+ 6.Qxc3 dxc4 7.Qxc4 O-O 8.Nf3 b6
9.Bf4 Nd5 10.Bg5 f6 11.Bd2 f5 12.Qc2 Ba6 13.e4 Bxf1 14.Kxf1 fxe4 15.Qxe4 Qf6
16.Re1 Nc6 17.Qxe6+ Qxe6 18.Rxe6 Rxf3 19.gxf3 Nxd4 20.Re5 c6 21.Kg2 Rf8 22.f4
h6 23.Re4 c5 24.Rd1 Rf6 25.Be3 Rg6+ 26.Kf1 Nf6 27.Re7 Nf3 28.h3 Nh4 29.Rd8+
Kh7 30.Rf8 a5 31.Rb7 Nf5 32.Bc1 h5 33.Rbb8 Kh6 34.Rxb6 Kh7 35.Rbb8 Kh6 36.Rh8+
Nh7 37.Rbf8 Rd6 38.Rxf5 Rd1+ 39.Kg2 Rxc1 40.Rd5 Kg6 41.f5+ {#R} 0-1

[Event "It (cat.12)"]
[Site "masterchessopen.com La Roche-sur-Yon (France)"]
[Date "2006.03.15"]
[Round "1"]
[White "Sasikiran Krishnan (IND)"]
[Black "Rombaldoni Denis (ITA)"]
[Result "1-0"]
[WhiteElo "2675"]
[BlackElo "2377"]

1.d4 Nf6 2.c4 e6 3.Nc3 Bb4 4.Qc2 d5 5.a3 Bxc3+ 6.Qxc3 dxc4 7.Qxc4 b6 8.Nf3 O-O
9.Bg5 Ba6 10.Qc2 Nbd7 11.e4 Bxf1 12.Rxf1 Qc8 13.O-O-O Qb7 14.Rfe1 c5 15.d5 h6
16.dxe6 fxe6 17.e5 hxg5 18.exf6 Nxf6 19.Rxe6 Rae8 20.Red6 Ne4 21.Rd7 Qb8 22.h3
b5 23.Kb1 c4 24.R1d4 Rf4 25.Rxe4 Rfxe4 26.Nxg5 Qc8 27.Rxa7 Qc5 28.Qxe4 {#r}
1-0

[Event "Ch Russia (club)"]
[Site "masterchessopen.com Sochi (Russia)"]
[Date "2006.04.26"]
[Round "7"]
[White "Khismatullin Denis (RUS)"]
[Black "Yemelin Vasily (RUS)"]
[Result "1-0"]
[WhiteElo "2583"]
[BlackElo "2528"]

{ } 1.d4 Nf6 2.c4 e6 3.Nc3 Bb4 4.Qc2 d5 5.a3 Bxc3+ 6.Qxc3 { = } 6...c5 (
6...Ne4 7.Qc2 Nc6 8.e3 e5 9.cxd5 Qxd5 10.Bc4 Qa5+ 11.b4 Nxb4 12.Qxe4 Nc2+
13.Ke2 Qe1+ 14.Kf3 Nxa1 15.Bb2 O-O 16.Kg3 h6 17.h4 Re8 18.Kh2 Qxf2 19.Bxa1 Bf5
20.Qxb7 exd4 21.Nf3 Be4 22.Qxc7 Bxf3 23.Qxf7+ Kh8 24.Qxf3 Qxh4+ 25.Kg1 Qe1+
26.Bf1 { ...1/2-1/2, Kasparov Garry 2813 - Adams Michael 2740 , Izmir
7.10.2004 Cup European Club } ) ( 6...Nc6 7.Bg5 dxc4 8.e3 h6 9.Bxf6 Qxf6
10.Nf3 O-O 11.Bxc4 Re8 12.Rd1 a6 13.O-O Bd7 14.Rd2 Qe7 15.Ba2 Qd6 16.Rc1 Rac8
17.Bb1 Ne7 18.Ne5 Nd5 19.Qb3 Bb5 20.Qc2 Nf6 21.h3 Red8 22.Ng4 Qe7 23.Nxf6+
Qxf6 24.Qh7+ Kf8 25.Rdc2 Bc6 26.Rc5 { ...1/2-1/2, Gurevich Mikhail 2652 -
Parligras Mircea 2577 , Warsaw 28. 6.2005 Ch Europe } ) ( 6...dxc4 7.Qxc4 b6
8.Nf3 Ba6 9.Qc2 Nbd7 10.Bg5 O-O 11.e4 Bxf1 12.Rxf1 h6 13.Bxf6 Nxf6 14.O-O-O
Rc8 15.Kb1 Qe7 16.Rfe1 Rfd8 17.Ne5 c5 18.d5 exd5 19.exd5 Qc7 20.Nc6 Rd7
21.Ne7+ Rxe7 22.d6 Qxd6 23.Rxd6 Rxe1+ 24.Rd1 Re7 25.f3 Rce8 26.Rd2 { ...0-1,
Kramnik Vladimir 2780 - Kasparov Garry 2815 , Moscow 1998 Match (blitz) } )
7.dxc5 d4 ( 7...Nc6 8.cxd5 exd5 9.e3 O-O 10.Nf3 ( 10.Qc2 { +0.60 CAP } )
10...Ne4 11.Qc2 Bf5 12.Bd3 Qa5+ 13.Ke2 Nb4 14.axb4 Qxa1 15.Nd4 Bg6 16.Rd1 Rfc8
17.Qb3 a5 18.Nc2 Qb1 19.Nd4 Qa1 20.Nc2 Qb1 21.Nd4 { 1/2-1/2, Jensen Rene 2295
- Welling Gerard 2405 , Lyngby 1989 It (open) } ) 8.Qg3 ( 8.Qc2 e5 9.e3 Nc6
10.b4 O-O 11.Nf3 Re8 12.e4 a5 13.Rb1 axb4 14.axb4 Bg4 15.Nd2 Nh5 16.b5 d3
17.Qxd3 Nd4 18.Nb3 f5 19.Nxd4 exd4 20.Be2 Bxe2 21.Kxe2 fxe4 22.Qh3 Ra2+ 23.Kd1
e3 24.Bb2 Qa5 25.Qxh5 Qd2# { 0-1, Lazarev Vladimir 2501 - Romanishin Oleg M
2567 , Arco 1999 It (open) } ) 8...Nc6 ( 8...O-O 9.Bh6 Ne8 10.O-O-O Nc6 11.e3
Qc7 12.Qxc7 Nxc7 13.Bf4 e5 14.Bg3 dxe3 15.fxe3 a5 16.Nf3 f6 17.e4 Bg4 18.Bf2
Ne6 19.Rd5 a4 20.Kd2 Rfc8 21.Kc3 Ne7 22.Kb4 Nc6+ 23.Kc3 Ne7 24.Kb4 Nc6+ 25.Kc3
{ 1/2-1/2, Braun Arik 2491 - Romanishin Oleg M 2552 , Germany 28. 1.2006
Bundesliga 2005/06 } ) 9.Nf3 { N } ( 9.b4 O-O 10.Bh6 ( 10.Bg5 e5 11.Nf3 e4
12.Ne5 Nxe5 13.Qxe5 a5 14.b5 Be6 15.Rd1 Nd7 16.Qg3 f6 17.Bh6 Qe7 18.Rxd4 Nxc5
19.Bf4 Qf7 20.Bd6 Rfc8 21.e3 Nb3 22.c5 Nxd4 23.exd4 Bc4 24.Qc3 Bxf1 25.Rxf1
Qa2 26.b6 Qb1+ 27.Ke2 Qb5+ 28.Ke1 Qb1+ { ...0-1, El Gindy Essam 2455 - Sax
Gyula 2525 , Cairo 1998 It (sheveningen) } ) 10...Ne8 11.e4 { +1.12 CAP } )
9...O-O { +0.60 CAP } 10.Bh6 Ne8 11.O-O-O f6 12.Bd2 b6 13.e3 bxc5 14.exd4 cxd4
15.Bd3 Qb6 16.Qh4 g6 17.b4 a5 18.b5 Qc5 19.Bh6 Qxa3+ 20.Kd2 Nb4 21.Qxd4 Qa2+
22.Ke3 Qb3 23.Ke2 e5 24.Qc5 Rf7 25.Be4 Be6 { ? } ( 25...Rb8 26.Nd2 Qb2 27.Rb1
Qd4 28.Qxd4 exd4 29.Rhe1 Nd6 30.Bf4 Rb6 31.Bxd6 Rxd6 32.c5 { } ) 26.Nd2 Qc3
27.Rc1 Qa3 28.Ra1 Qb2 29.Rhb1 Qc3 30.Rc1 Qb2 31.Bxa8 Bf5 32.Bd5 Bd3+ 33.Ke1
Nc2+ 34.Kd1 { } 1-0

[Event "Memorial T.Petrosian"]
[Site "masterchessopen.com Uljanovsk (Russia)"]
[Date "2006.06.11"]
[Round "8"]
[White "Makarenko Vladimir (RUS)"]
[Black "Parshakov Vladimir (RUS)"]
[Result "0-1"]
[WhiteElo "2150"]
[BlackElo "2110"]

1.d4 Nf6 2.c4 e6 3.Nc3 Bb4 4.Qc2 d5 5.a3 Bxc3+ 6.bxc3 Ne4 7.Be3 b6 8.f3 Nd6
9.cxd5 exd5 10.Bf2 Bf5 11.Qa4+ Qd7 12.Qxd7+ Kxd7 13.e3 Nc6 14.g4 Bg6 15.h4 h6
16.Ne2 f6 17.Nf4 Bf7 18.Bd3 Na5 19.O-O Nac4 20.Rfe1 g5 21.Ng2 h5 22.e4 Nd2
23.Re3 hxg4 24.e5 Nxf3+ 25.Kf1 fxe5 26.dxe5 Ne4 27.Bxe4 Nd2+ 28.Ke2 Nxe4
29.hxg5 Rh2 30.Rg1 Rah8 31.Bg3 Rh1 32.Rxh1 Rxh1 33.Nf4 Nxg5 34.Be1 Rh2+ 35.Kd3
c5 36.Re2 c4+ 37.Ke3 Rh1 38.Kf2 Nf3 39.e6+ Bxe6 40.Rxe6 Ng5 41.Re3 Kd6 42.Kg2
Rh6 43.Kg3 Ne4+ 44.Kxg4 Rh2 45.Re2 Rh6 46.Kf3 {#R} 0-1

[Event "It (open)"]
[Site "masterchessopen.com Pula (Croatia)"]
[Date "2006.06.20"]
[Round "3"]
[White "Kantorik Marian (SVK)"]
[Black "Saric Ante (CRO)"]
[Result "1-0"]
[WhiteElo "2364"]
[BlackElo "2489"]

1.d4 Nf6 2.c4 e6 3.Nc3 Bb4 4.Qc2 d5 5.a3 Bxc3+ 6.Qxc3 dxc4 7.Bg5 b5 8.Nf3 Nbd7
9.a4 c6 10.e3 Bb7 11.b3 cxb3 12.Bxf6 Nxf6 13.axb5 O-O 14.bxc6 Ne4 15.Qxb3 Bxc6
16.Be2 a5 17.O-O a4 18.Qc2 Rc8 19.Ba6 Rc7 20.Rfc1 Qa8 21.Ne5 Qxa6 22.Nxc6 Nd6
23.Rxa4 Qb7 24.Ra7 Rxc6 25.Qxc6 Qxa7 26.Qxd6 g6 27.h4 h5 28.Rc5 Qb7 29.Kh2 Qe4
30.Qg3 Kh7 31.Re5 Qb7 32.Qf4 Qb8 33.Qg3 Qb7 34.Qf4 Qb8 35.Kg3 Kg8 36.Rc5 Qd8
37.Qc7 Qa8 38.Qe5 Qd8 39.e4 Qa8 40.d5 exd5 41.exd5 Re8 42.Qd4 Re2 43.d6 Re4
44.Rc8+ Qxc8 45.Qxe4 Qc3+ 46.Qe3 Qc4 47.f3 Qd5 48.Qe8+ Kg7 49.d7 Qd6+ 50.Kh3
{#r} 1-0

[Event "It (open) \"]
[Site "masterchessopen.com Tromsoe (Norway)"]
[Date "2006.06.30"]
[Round "7"]
[White "Nyland Thomas (NOR)"]
[Black "Kvisla Johannes Luangtep (NOR)"]
[Result "0-1"]
[WhiteElo "2124"]
[BlackElo "2132"]

1.d4 Nf6 2.c4 e6 3.Nc3 Bb4 4.Qc2 d5 5.a3 Bxc3+ 6.Qxc3 dxc4 7.Bg5 b6 8.Qxc4 Ba6
9.Bxf6 Bxc4 10.Bxd8 Kxd8 11.Nf3 Nd7 12.Rc1 Bd5 13.Ng5 Ke7 14.Rxc7 Rhc8 15.Rc3
h6 16.Nf3 Rxc3 17.bxc3 Rc8 18.Kd2 Nf6 19.Kc2 Ne4 20.Nd2 Nxc3 21.Kb2 Na4+
22.Kb1 Nc3+ 23.Kb2 Nd1+ 24.Kb1 Nxf2 25.Rg1 Rc3 {#R} 0-1

[Event "It (open)"]
[Site "masterchessopen.com Vlissingen (Netherlands)"]
[Date "2006.08.05"]
[Round "1"]
[White "Pedersen Steffen (DEN)"]
[Black "Rossen Maarten (NED)"]
[Result "1-0"]
[WhiteElo "2437"]
[BlackElo "2043"]

1.d4 Nf6 2.c4 e6 3.Nc3 Bb4 4.Qc2 d5 5.a3 Bxc3+ 6.Qxc3 b6 7.Nf3 Ne4 8.Qc2 Nd7
9.cxd5 exd5 10.Qc6 Rb8 11.Bf4 Bb7 12.Qa4 a6 13.e3 b5 14.Qd1 Nb6 15.Bd3 O-O
16.O-O Rc8 17.Rc1 Qe7 18.Ne5 Nd6 19.b3 f6 20.Nc6 Qd7 21.Na5 Ba8 22.Rc2 Rf7
23.Qa1 Nb7 24.Nc6 Nd8 25.Nxd8 Qxd8 26.Bf5 {#r} 1-0

[Event "Ch France (accession)"]
[Site "masterchessopen.com Besancon (France)"]
[Date "2006.08.17"]
[Round "3"]
[White "Benitah Yohan (FRA)"]
[Black "Therkildsen Thomas (FRA)"]
[Result "1-0"]
[WhiteElo "2412"]
[BlackElo "2317"]

1.d4 Nf6 2.c4 e6 3.Nc3 Bb4 4.Qc2 d5 5.a3 Bxc3+ 6.Qxc3 dxc4 7.Qxc4 b6 8.Bf4 Nd5
9.Bg3 Ba6 10.Qc2 O-O 11.Nf3 Qc8 12.Rc1 Qb7 13.Ng5 g6 14.h4 Nd7 15.h5 c5
16.hxg6 hxg6 17.e4 Bxf1 18.Kxf1 Ne7 19.Bd6 Nf6 20.Be5 Nh5 21.g4 f6 22.gxh5
fxe5 23.Qc4 Nd5 24.exd5 exd5 25.Qd3 Rf5 26.hxg6 Rxg5 27.Qh3 Qa6+ 28.Ke1 Kf8
29.Qh6+ {#r} 1-0

[Event "It (open)"]
[Site "masterchessopen.com Velika Gorica (Croatia)"]
[Date "2006.08.20"]
[Round "2"]
[White "Vrsek Ivan (CRO)"]
[Black "Kristovic Marijan (CRO)"]
[Result "0-1"]
[WhiteElo "2103"]
[BlackElo "2299"]

1.d4 Nf6 2.c4 e6 3.Nc3 Bb4 4.Qc2 d5 5.a3 Bxc3+ 6.Qxc3 O-O 7.Bg5 c6 8.Qc2 dxc4
9.Qxc4 Nbd7 10.Nf3 e5 11.dxe5 h6 12.Bxf6 gxf6 13.Qg4+ Kh7 14.Qe4+ Kg7 15.O-O-O
Qe7 16.Qg4+ Kh7 17.Qe4+ Kg7 18.exf6+ Qxf6 19.g4 Nc5 20.Qc2 b6 21.Nd4 Qxf2
22.Qc3 Qf6 23.h4 Ne4 24.Qe3 Re8 25.g5 hxg5 26.hxg5 Qf2 27.Qd3 c5 28.Bg2 cxd4
29.Bxe4 Qf4+ {#R} 0-1

[Event "It (open)"]
[Site "masterchessopen.com Bratto (Italy)"]
[Date "2006.08.27"]
[Round "9"]
[White "Schuurman Petra (NED)"]
[Black "Sax Gyula (HUN)"]
[Result "0-1"]
[WhiteElo "2239"]
[BlackElo "2533"]

1.d4 Nf6 2.c4 e6 3.Nc3 Bb4 4.Qc2 d5 5.a3 Bxc3+ 6.Qxc3 c5 7.cxd5 cxd4 8.Qxd4
Nc6 9.Qa4 Qxd5 10.Nf3 Bd7 11.Be3 e5 12.Rc1 O-O 13.Qc4 Qa5+ 14.Bd2 Qb6 15.b4
Rfc8 16.Qc5 Ne4 17.Qxb6 axb6 18.b5 Nd4 19.Nxd4 exd4 20.Rxc8+ Rxc8 21.f3 Nxd2
22.Kxd2 Bxb5 23.h4 Ra8 {#R} 0-1

[Event "Ch Belgrade (team) (Premijer liga)"]
[Site "masterchessopen.com Belgrade (Yugoslavia)"]
[Date "2006.09.25"]
[Round "3"]
[White "Lapcevic Milos (SRB)"]
[Black "Azaric Slavko (SRB)"]
[Result "0-1"]
[WhiteElo "2284"]
[BlackElo "2261"]

1.d4 Nf6 2.c4 e6 3.Nc3 Bb4 4.Qc2 d5 5.a3 Bxc3+ 6.Qxc3 O-O 7.Bg5 Nbd7 8.Nf3
dxc4 9.Qxc4 c6 10.e3 Qb6 11.Bd3 Qxb2 12.O-O Nd5 13.Bc2 Qb5 14.Qxb5 cxb5 15.Bd3
h6 16.Bh4 a6 17.Bg3 N7b6 18.Rfc1 Bd7 19.e4 Nf6 20.Bc7 Nc4 21.Bxc4 bxc4 22.e5
Nd5 23.Rxc4 Rfc8 24.Rac1 Bb5 25.R4c2 Ba4 26.Rc4 Nf4 27.Kh1 Bb3 28.Rb4 Bd5
29.Ne1 Bc6 30.Rxc6 bxc6 31.Rb7 Nd5 32.Bd6 Nc3 33.Nd3 Nb5 34.Nc5 Nxa3 35.f4 Nb5
36.f5 Nxd4 37.Nd7 Nxf5 38.Nb6 Nxd6 39.exd6 Rcb8 40.Rxb8+ Rxb8 41.d7 Kf8 {#R}
0-1

[Event "Cup European Club"]
[Site "masterchessopen.com Fuegen (Austria)"]
[Date "2006.10.09"]
[Round "2"]
[White "Likavsky Tomas (SVK)"]
[Black "Delchev Aleksander (BUL)"]
[Result "0-1"]
[WhiteElo "2480"]
[BlackElo "2628"]

1.d4 Nf6 2.c4 e6 3.Nc3 Bb4 4.Qc2 d5 5.a3 Bxc3+ 6.Qxc3 dxc4 7.Qxc4 b6 8.Nf3 Ba6
9.Qc2 Nbd7 10.Bf4 O-O 11.Bxc7 Qc8 12.Rc1 Qb7 13.Bf4 Rfc8 14.Qd1 Qe4 15.Bd2
Rxc1 16.Qxc1 Rc8 17.Qd1 h6 18.Bc3 Qc6 19.Nd2 Nd5 20.Nb1 N7f6 21.h4 Ne4 22.Rh3
f5 23.h5 Bb5 24.Bd2 Ba4 25.b3 Bb5 26.a4 Ba6 27.e3 Bxf1 28.Kxf1 Qc2 29.Qxc2
Rxc2 30.Be1 Ra2 31.g4 fxg4 32.Rh4 Ra1 33.f3 Rxb1 34.fxe4 Nxe3+ 35.Kf2 Rxe1
{#R} 0-1

[Event "Ch Slovakia (team) 2006/07 (2 liga) (a)"]
[Site "masterchessopen.com Slovakia"]
[Date "2006.10.15"]
[Round "2"]
[White "Murin Pavol (SVK)"]
[Black "Michalicka Milan (SVK)"]
[Result "0-1"]
[WhiteElo "2093"]
[BlackElo "2145"]

1.d4 Nf6 2.c4 e6 3.Nc3 Bb4 4.Qc2 d5 5.a3 Bxc3+ 6.bxc3 dxc4 7.e4 b5 8.a4 c6
9.Ba3 Bb7 10.Nf3 Nbd7 11.e5 Nd5 12.Be2 N7b6 13.O-O Nf4 14.a5 Nbd5 15.Bb4 a6
16.Rfe1 Nxb4 17.cxb4 Qe7 18.Rab1 Nd5 19.Qb2 O-O 20.Bf1 Rad8 21.Qa3 Nf4 22.Qe3
Ng6 23.Ng5 Nh4 24.Qf4 Nf5 25.Nf3 Rd5 26.Re4 Rfd8 27.h4 R5d7 28.Kh2 c5 29.dxc5
{#R} 0-1

[Event "It (open)"]
[Site "masterchessopen.com Le Touquet (France)"]
[Date "2006.10.30"]
[Round "3"]
[White "Savchenko Stanislav (UKR)"]
[Black "Roeder Mathias (GER)"]
[Result "1-0"]
[WhiteElo "2532"]
[BlackElo "2456"]

1.d4 Nf6 2.c4 e6 3.Nc3 Bb4 4.Qc2 d5 5.a3 Bxc3+ 6.Qxc3 dxc4 7.Qxc4 b6 8.Nf3 O-O
9.Bg5 Ba6 10.Qc2 Nbd7 11.e4 Bxf1 12.Rxf1 Qe8 13.O-O-O c5 14.d5 exd5 15.Bxf6
dxe4 16.Bc3 exf3 17.Qf5 Nf6 18.Bxf6 gxf6 19.Qxf6 fxg2 20.Qg5+ Kh8 21.Qf6+ Kg8
22.Rfe1 Rd8 23.Qg5+ {#r} 1-0

[Event "Ch Mittelfranken (team) (B2a) 2006/07"]
[Site "masterchessopen.com Germany"]
[Date "2006.12.03"]
[Round "3"]
[White "Hess Rene"]
[Black "Peiberg Ehrhard"]
[Result "0-1"]
[WhiteElo "1552"]
[BlackElo "1720"]

1.d4 Nf6 2.c4 e6 3.Nc3 Bb4 4.Qc2 d5 5.a3 Bxc3+ 6.Qxc3 O-O 7.Bg5 Nbd7 8.e3 h6
9.Bh4 b6 10.Nf3 Bb7 11.Rc1 Rc8 12.Ne5 g5 13.Bg3 Ne4 14.Qc2 c5 15.f3 Nxg3
16.hxg3 Nxe5 17.dxe5 Kg7 18.Be2 Qc7 19.f4 f6 20.Kf2 fxe5 21.Rxh6 e4 22.Rxe6 d4
23.Re5 Qxe5 {#R} 0-1

[Event "Ch City (open)"]
[Site "masterchessopen.com Kazan (Russia)"]
[Date "2006.12.03"]
[Round "8"]
[White "Mingatin Mars (RUS)"]
[Black "Zlachevskiy Leonid (RUS)"]
[Result "0-1"]
[WhiteElo "2004"]
[BlackElo "2177"]

1.d4 Nf6 2.c4 e6 3.Nc3 Bb4 4.Qc2 d5 5.a3 Bxc3+ 6.bxc3 Nbd7 7.cxd5 exd5 8.e3
O-O 9.Bd3 c5 10.Ne2 g6 11.c4 dxc4 12.Bxc4 cxd4 13.exd4 Nb6 14.Bd3 Be6 15.O-O
Rc8 16.Qb2 Nfd5 17.Bh6 Re8 18.Nf4 Qh4 19.Nxd5 Bxd5 20.Be3 Nc4 21.Bxc4 Rxc4
22.Rfe1 Rec8 23.f3 Rc2 24.Qb5 Bxf3 25.Qg5 Rxg2+ 26.Qxg2 Bxg2 27.Kxg2 Rc2+
28.Kf3 Qh3+ {#R} 0-1

[Event "Ch Kiev"]
[Site "masterchessopen.com Kiev (Ukraine)"]
[Date "2007.01.28"]
[Round "9"]
[White "Ivchenko Anatoly (UKR)"]
[Black "Zhesterev Anatol (UKR)"]
[Result "0-1"]
[WhiteElo "2078"]
[BlackElo "2233"]

1.d4 Nf6 2.c4 e6 3.Nc3 Bb4 4.Qc2 d5 5.a3 Bxc3+ 6.Qxc3 O-O 7.Bg5 h6 8.Bh4 g5
9.Bg3 Ne4 10.Qc2 Nc6 11.e3 f5 12.f3 Nxg3 13.hxg3 Kg7 14.O-O-O Bd7 15.e4 Be8
16.cxd5 exd5 17.e5 Qe7 18.f4 g4 19.Ne2 Nd8 20.Qc5 Qd7 21.Nc3 Bf7 22.Bb5 c6
23.Be2 Ne6 24.Qa5 b6 25.Qa4 a5 26.Qc2 Bg6 27.Qd3 Rfd8 28.Kb1 b5 29.Na2 Qa7
30.Rd2 b4 31.a4 c5 32.Rc1 Nxd4 33.b3 Ne6 34.Qb5 Be8 35.Qd3 c4 36.Qc2 Qe3
37.Qb2 cxb3 38.Nc3 bxc3 39.Rxc3 Qa7 40.Bxg4 d4 41.Rc1 fxg4 42.f5 Rac8 43.fxe6
Bg6+ 44.Ka1 Rc2 45.Rdxc2 bxc2 46.e7 Qxe7 {#R} 0-1

[Event "Ch Poland (juniors) (under 20)"]
[Site "masterchessopen.com Sroda Wielkopolska (Poland)"]
[Round "5"]
[White "Gumula Daniel (POL)"]
[Black "Kanarek Marcel (POL)"]
[Result "1-0"]
[WhiteElo "2344"]
[BlackElo "2324"]

1.d4 Nf6 2.c4 e6 3.Nc3 Bb4 4.Qc2 d5 5.a3 Bxc3+ 6.Qxc3 O-O 7.Bg5 h6 8.Bh4 c5
9.dxc5 g5 10.Bg3 Ne4 11.Qc2 dxc4 12.Qxe4 f5 13.Qxc4 f4 14.Nf3 Nc6 15.e3 fxg3
16.hxg3 Qf6 17.O-O-O b6 18.Qe4 {#r} 1-0

[Event "Czech League 2006/07 (2nd) (a)"]
[Site "masterchessopen.com Czech Republic"]
[Date "2007.02.11"]
[Round "7"]
[White "Simak Pavel (CZE)"]
[Black "Simek Petr (CZE)"]
[Result "1-0"]
[WhiteElo "2197"]
[BlackElo "2231"]

1.d4 Nf6 2.c4 e6 3.Nc3 Bb4 4.Qc2 d5 5.a3 Bxc3+ 6.bxc3 O-O 7.Bg5 b6 8.e3 h6
9.Bh4 Ba6 10.cxd5 Bxf1 11.Kxf1 exd5 12.Nf3 Qd6 13.Bg3 Qe6 14.Bxc7 Rc8 15.Bxb8
Raxb8 16.Nd2 Rc7 17.Rc1 Rbc8 18.h3 b5 19.Qb2 Qb6 20.g3 a5 21.Kg2 Ne4 22.Nxe4
dxe4 23.a4 b4 24.cxb4 axb4 25.Rxc7 Rxc7 26.Rb1 Rb7 27.Qc2 Qe6 28.a5 Rb5 29.Qe2
Rxa5 30.Rxb4 Ra2 31.Qc4 Qxc4 32.Rxc4 Rd2 33.Rc5 g6 34.g4 f6 35.Rc7 f5 36.gxf5
gxf5 37.Kg3 f4+ 38.Kxf4 Rxf2+ 39.Kxe4 Rh2 40.Kd5 Rxh3 41.e4 h5 42.e5 Re3
43.Ke6 h4 44.d5 h3 45.Rc4 Rg3 46.Rh4 Kg7 47.d6 Rg6+ 48.Ke7 {#r} 1-0

[Event "It (open)"]
[Site "masterchessopen.com Cappelle la Grande (France)"]
[Date "2007.03.03"]
[Round "1"]
[White "Golod Vitali (ISR)"]
[Black "Feller Sebastien (FRA)"]
[Result "1-0"]
[WhiteElo "2589"]
[BlackElo "2513"]

{ Golod Vitali (ISR) +0 =1 -1 } 1.d4 Nf6 2.c4 e6 3.Nc3 Bb4 4.Qc2 d5 5.a3 Bxc3+
6.Qxc3 dxc4 7.Qxc4 b6 8.Nf3 { = } ( 8.Bf4 Ba6 9.Qa4+ Qd7 10.Qxd7+ Nbxd7 11.Rc1
c5 12.dxc5 Nxc5 13.Nf3 O-O 14.Bd6 Nb3 15.Rc3 Ne4 16.Rxb3 Nxd6 17.e3 Rac8
18.Kd1 Bb7 19.Bd3 f6 20.Rg1 Ne4 21.Ke2 Nc5 22.Rc3 Nxd3 23.Rxc8 Nf4+ 24.exf4
Rxc8 25.Rd1 Rc2+ 26.Kd3 Rc5 27.Ke3 Bd5 { ...1/2-1/2, Golod Vitali 2571 -
Perelshteyn Eugene 2526 , Las Vegas 17. 6.2006 It "National Open" } ) ( 8.Bg5
O-O { 1/2-1/2, Sarkar Justin 2355 - Ippolito Dean 2413 , Las Vegas 14. 6.2006
It "Las Vegas Masters" } ) 8...Ba6 9.Qc2 ( 9.Qa4+ Qd7 10.Qc2 Nc6 11.Bg5 O-O
12.Rd1 Rac8 13.Ne5 Nxe5 14.dxe5 Qb5 15.Bxf6 gxf6 16.exf6 Qa5+ 17.Qc3 Qxc3+
18.bxc3 Bb7 19.h4 Rfd8 20.Rh3 Be4 21.Re3 Bg6 22.g4 h6 23.Bg2 Rd6 24.f4 Rcd8
25.Rxd6 cxd6 26.Rg3 Bb1 27.g5 Kh7 28.e4 Rc8 { ...1-0, Bareev Evgeny 2729 -
Short Nigel D 2690 , Moscow 2002 Match "Russia-All World" } ) 9...O-O (
9...Nbd7 10.Bg5 O-O 11.e4 Bxf1 12.Rxf1 h6 13.Bxf6 Nxf6 14.O-O-O Rc8 15.Kb1 Qe7
16.Rfe1 Rfd8 17.Ne5 c5 18.d5 exd5 19.exd5 Qc7 20.Nc6 Rd7 21.Ne7+ Rxe7 22.d6
Qxd6 23.Rxd6 Rxe1+ 24.Rd1 Re7 25.f3 Rce8 26.Rd2 Nd7 27.Ka2 Nf8 28.Qa4 Rc8
29.h4 { ...0-1, Kramnik Vladimir 2780 - Kasparov Garry 2815 , Moscow 1998
Match (blitz) } ) 10.e4 { N } ( 10.Bf4 Qd5 ( 10...Nd5 11.Bg5 f6 12.Bd2 Nd7
13.e4 Bxf1 14.Kxf1 Ne7 15.Qc4 Kf7 16.d5 Ne5 17.Nxe5+ fxe5 18.dxe6+ Kf6 19.Be3
Qd6 20.Ke2 c5 21.Rad1 Qxe6 22.Bg5+ Kf7 23.Qxe6+ Kxe6 24.Bxe7 Kxe7 25.Rd5 Kf6
26.Rhd1 Rae8 27.f3 Rf7 28.Kd3 Rc7 29.Rd2 b5 { ...1/2-1/2, Seifert Volker 2099
- Ries Benjamin 2072 , Oberhof 1999 Ch Germany (juniors) (under 14) } ) 11.Rc1
Rc8 12.g3 c5 13.Bg2 Bb7 14.O-O Na6 15.dxc5 Nxc5 16.Rfd1 Qh5 17.b4 Nce4
18.Qxc8+ { 1-0, Gabriel Christian 2545 - Hermesmann Hans 2263 , Germany 1994
Bundesliga 1993/94 } ) ( 10.Bg5 Nbd7 11.e4 Bxf1 ( 11...Qc8 12.O-O-O h6 13.Bxf6
Nxf6 14.Bxa6 Qxa6 15.Ne5 c5 16.dxc5 Qb5 17.a4 Qb4 18.f3 Rfc8 19.c6 b5 20.Rd3
bxa4 21.Rhd1 Qb5 22.Qc3 Ne8 23.Kb1 f6 24.Ng6 Kf7 25.Nh8+ Kg8 26.Ng6 Kf7
27.Nh8+ Kg8 { 1/2-1/2, Gurevich Mikhail 2667 - Short Nigel D 2677 , Sarajevo
2000 It (cat.19) } ) 12.Rxf1 h6 13.Bxf6 Nxf6 14.O-O-O Qe7 15.Ne5 c5 16.dxc5
Qc7 17.f4 bxc5 18.Nc4 Rad8 19.e5 Rxd1+ 20.Rxd1 Nd5 21.Qe4 Rb8 22.f5 Qe7 23.Qg4
exf5 24.Qxf5 Qh4 25.g4 Ne7 26.Qd7 Qg5+ 27.Kb1 Qg6+ 28.Ka1 Qc2 29.Qd3 Qxh2 {
...1/2-1/2, Johannessen Leif Erlend 2555 - Carlsen Magnus 2675 , Moss 9.
7.2006 Ch Norway } ) 10...Bxf1 11.Rxf1 Nbd7 12.Bg5 Qc8 ( 12...h6 13.Bxf6 Nxf6
14.O-O-O Rc8 15.Kb1 Qe7 16.Rfe1 Rfd8 17.Ne5 c5 18.d5 exd5 19.exd5 Qc7 20.Nc6
Rd7 21.Ne7+ Rxe7 22.d6 Qxd6 23.Rxd6 Rxe1+ 24.Rd1 Re7 25.f3 Rce8 26.Rd2 Nd7
27.Ka2 Nf8 28.Qa4 Rc8 29.h4 c4 30.Rc2 Rec7 31.Rc3 Ne6 32.Qd1 { ...0-1, Kramnik
Vladimir 2780 - Kasparov Garry 2815 , Moscow 1998 Match (blitz) } ) ( 12...Qe8
13.O-O-O c5 14.d5 exd5 15.Bxf6 dxe4 16.Bc3 exf3 17.Qf5 Nf6 18.Bxf6 gxf6
19.Qxf6 fxg2 20.Qg5+ Kh8 21.Qf6+ Kg8 22.Rfe1 Rd8 23.Qg5+ { 1-0, Savchenko
Stanislav 2532 - Roeder Mathias 2456 , Le Touquet 30.10.2006 It (open) } )
13.O-O-O Qb7 { +0.04 CAP } ( 13...c5 14.d5 Re8 15.dxe6 Rxe6 16.Bxf6 Rxf6 17.e5
Rh6 18.Qe4 Nf8 19.Rd6 Re6 20.Qd5 Qe8 21.Rd1 Rc8 22.Rd8 Rxd8 23.Qxd8 Qa4 24.Qa8
Re8 25.Qd5 Re7 26.Qa8 Re8 27.Qd5 Re7 28.Qa8 Re8 { 1/2-1/2, Kaidanov Gregory S
2603 - Ivanov Alexander 2606 , San Diego 11. 3.2006 Ch USA (Gr B) } ) 14.Rfe1
{ N } 14...Rac8 15.Kb1 Rfe8 16.Ne5 c5 17.Qd3 cxd4 18.Nxd7 Nxd7 19.Qxd4 Nc5
20.e5 h6 21.Be3 Rcd8 22.Qg4 Kh8 23.Bd4 Nb3 24.Bc3 Rxd1+ 25.Rxd1 Nc5 26.f3 Qa6
27.Qd4 Rc8 28.Bb4 Qe2 29.Rd2 Qf1+ 30.Ka2 Na6 31.Bc3 Nc7 32.Qd7 Qc4+ 33.b3 Qa6
{ ? } ( 33...Qxc3 34.Qxc8+ Kh7 35.Rf2 Qxe5 36.Rc2 Nd5 37.g3 Qe3 38.f4 Kg6
39.Rc1 Kf6 40.Qc2 b5 { } ) 34.Bb2 Nd5 35.Rxd5 exd5 36.e6 Rc2 37.Qe8+ Kh7
38.exf7 Qd3 39.Qg8+ { } {#r} 1-0

[Event "It (open)"]
[Site "masterchessopen.com Foxwoods (USA)"]
[Date "2007.04.07"]
[Round "7"]
[White "Ippolito Dean (USA)"]
[Black "Furdzik Rafal (USA)"]
[Result "1-0"]
[WhiteElo "2409"]
[BlackElo "2259"]

1.d4 Nf6 2.c4 e6 3.Nc3 Bb4 4.Qc2 d5 5.a3 Bxc3+ 6.Qxc3 O-O 7.Bg5 c6 8.e3 Nbd7
9.Bd3 Re8 10.Nf3 dxc4 11.Bxc4 h6 12.Bh4 b6 13.O-O Bb7 14.Rfd1 Rc8 15.Rac1 Qc7
16.b4 Qb8 17.Qb3 c5 18.Bb5 Bxf3 19.gxf3 g5 20.Bg3 Qb7 21.Qa4 {#r} 1-0